[Event "CZE-ch"]
[Site "?"]
[Date "1993.??.??"]
[Round "11"]
[White "Vybiral, Zdenek"]
[Black "Jandourek, Lukas"]
[Result "0-1"]
[WhiteElo "2255"]
[BlackElo "2270"]

1.d4 d5 2.Nf3 Nf6 3.c4 c6 4.Nc3 dxc4 5.a4 Bf5 6.e3 e6 7.Bxc4 Bb4 8.O-O Nbd7
9.Qe2 Bg6 10.Ne5 O-O 11.Nxg6 hxg6 12.e4 Nb6 13.e5 Qxd4 14.Bxe6 Rfe8 15.Rd1 Qc5
16.exf6 Rxe6 17.Be3 Bxc3 18.bxc3 Qxc3 19.Qg4 Qxf6 20.Rab1 Rae8 21.Bd4 Qf5
22.Qxf5 gxf5 23.a5 Nd5 24.g3 b6 25.axb6 axb6 26.Kg2 Rc8 27.Rb3 Rd6 28.Rc1 c5
29.Rf3 Ne7 30.Be5 Re6 31.Bb2 b5 32.Rb3 b4 33.h3 f6 34.g4 fxg4 35.hxg4 Rd6
36.g5 Kf7 37.Rh1 Nd5 38.Rg3 c4 39.g6+ Ke6 40.Bc1 c3  0-1

[Event "CZE-chT"]
[Site "?"]
[Date "1993.??.??"]
[Round "?"]
[White "Beil, Zdenek"]
[Black "Trichkov, Vasil"]
[Result "0-1"]
[WhiteElo "2340"]
[BlackElo "2395"]

1.d4 d5 2.Nf3 Nf6 3.c4 c6 4.Nc3 dxc4 5.a4 Bf5 6.Ne5 Nbd7 7.Nxc4 Qc7 8.f3 e5
9.e4 exd4 10.Ne2 d3 11.Nc3 Be6 12.Bxd3 Bc5 13.Qe2 a5 14.g3 Bxc4 15.Bxc4 O-O
16.Bf4 Qb6 17.Rd1 Rfe8 18.Kf1 Bd4 19.Kg2 Ne5 20.Rd2 Qc5 21.Ba2 Ng6 22.Bc7 Bxc3
23.bxc3 Nd5 24.Bxd5 cxd5 25.Bf4 Nxf4+ 26.gxf4 dxe4 27.fxe4 Qxc3 28.Re1 Rxe4
29.Qxe4 Qxd2+ 30.Re2 Qd7 31.Rb2 Re8 32.Rxb7 Rxe4 33.Rxd7 h6 34.Kf3 Rxa4 35.Ra7 Ra1
36.Kg3 a4 37.Kf3 a3 38.Ra8+ Kh7 39.Ra6 f5 40.Ra7 a2 41.Kg2 Kg6 42.Ra5 Kf6
43.Ra6+ Ke7 44.Ra7+ Kd6 45.Ra6+ Kd5 46.h4 Ke4 47.Ra4+ Ke3 48.h5 Rd1  0-1

[Event "Debrecen-B"]
[Site "Debrecen"]
[Date "1993.??.??"]
[Round "3"]
[White "Mester, Gyula"]
[Black "Felegyhazi, Laszlo"]
[Result "1-0"]
[WhiteElo "2290"]
[BlackElo "2280"]

1.d4 d5 2.c4 c6 3.Nf3 Nf6 4.Nc3 dxc4 5.a4 Bf5 6.Ne5 e6 7.f3 h6 8.e4 Bh7 9.Bxc4 Nbd7
10.Nxd7 Qxd7 11.O-O Be7 12.Be3 O-O 13.Qe2 a5 14.Rfd1 Bb4 15.Na2 Be7 16.Rac1 Rfc8
17.Qf2 Bg6 18.Nc3 Kh7 19.Ne2 b5 20.Bb3 Kh8 21.Nf4 Bh7 22.Nd3 Qe8 23.Ne5 Bd6
24.Bf4 Bf8 25.Rc2 Nh5 26.Be3 f6 27.Nd3 g5 28.Nc5 Bg8 29.e5 f5 30.g4 Ng7 31.f4 Bh7
32.fxg5 h5 33.gxf5 Nxf5 34.Nxe6 bxa4 35.Ba2 Be7 36.Bc1 Qg6 37.Rc3 Bg8 38.Rf3 Nh6
39.Nf4 Qxg5+ 40.Ng2 Qg7 41.Rg3 Ng4 42.Qf5 Bxa2 43.Qxh5+ Qh7 44.Qxh7+ Kxh7
45.Rxg4 Rg8 46.Rxg8 Rxg8 47.Kf2 Bd5 48.Nf4 Bh4+ 49.Ke3 Bg5 50.Kd3 Rg7 51.Nxd5 cxd5
52.Bxg5 Rxg5 53.Kc2 Kg6 54.Rd2 Kf5 55.Rf2+ Ke6 56.Rf6+ Ke7 57.Rd6 Rg2+ 58.Kc3 Rxh2
59.Rxd5 Rh3+ 60.Kc4 a3 61.Rxa5 axb2 62.Rb5 Rh2 63.Kc3 Rh3+ 64.Kxb2 Ke6 65.Rb3 Rh8
66.Kc3 Kd5 67.Rb5+ Ke4 68.e6  1-0

[Event "Dhaka"]
[Site "Dhaka"]
[Date "1993.??.??"]
[Round "?"]
[White "Murshed, Niaz"]
[Black "Barua, Dibyendu"]
[Result "1/2-1/2"]
[WhiteElo "2520"]
[BlackElo "2530"]

1.d4 d5 2.Nf3 c6 3.c4 Nf6 4.Nc3 dxc4 5.a4 Bf5 6.e3 e6 7.Bxc4 Bb4 8.O-O Nbd7
9.Qb3 Qb6 10.e4 Bg6 11.d5 exd5 12.exd5 O-O 13.dxc6 bxc6 14.Be3  1/2-1/2

[Event "Dortmund op-A"]
[Site "Dortmund"]
[Date "1993.??.??"]
[Round "5"]
[White "Razuvaev, Yuri S"]
[Black "Schwartzman, Gabriel"]
[Result "1-0"]
[WhiteElo "2525"]
[BlackElo "2455"]

1.d4 d5 2.c4 c6 3.Nf3 Nf6 4.Nc3 dxc4 5.a4 Bf5 6.e3 e6 7.Bxc4 Bb4 8.O-O Nbd7
9.Qe2 Bg6 10.e4 Bxc3 11.bxc3 Nxe4 12.Ba3 Qc7 13.Rfc1 O-O-O 14.a5 Rhe8 15.a6 b6
16.Nh4 Nd6 17.Bb3 e5 18.Nxg6 hxg6 19.Qg4 Kb8 20.Bxd6 Qxd6 21.Bxf7 Re7 22.Qxg6 Qc7
23.Bc4 Nf6 24.dxe5 Rxe5 25.Rd1 Rde8 26.h3 Ne4 27.Re1 R8e7 28.Re3 Nf6 29.Rxe5 Qxe5
30.Qc2 Qf4 31.Bf1 Rd7 32.Rd1 Rxd1 33.Qxd1 Kc7 34.g3 Qe5 35.c4 Nd7 36.Bg2 Qf6
37.Qe2 Nc5 38.Qe8 Nxa6 39.h4 Qa1+ 40.Kh2 Qf6 41.Qa8 Nc5 42.Qxa7+ Nb7 43.Qa2 Nc5
44.Qe2 Nd7 45.Bh3 Nc5 46.f4 Kd6 47.Qd2+ Kc7 48.Bg4 Qe7 49.h5 Nb7 50.Qc2 Qf6
51.Kh3 Nd6 52.c5 bxc5 53.Qxc5 Qa1 54.Bf3 Qf1+ 55.Kg4 Qa6 56.Kg5 Qa8 57.Qe5 Qf8
58.g4 Kd7 59.Kh4 Qf7 60.Kg3 Nb5 61.g5 Nd6 62.Bg4+ Kc7 63.g6 Qf8 64.h6 gxh6
65.g7 Qf7 66.Be6 Qg6+ 67.Kh4  1-0

[Event "Dortmund op-A"]
[Site "Dortmund"]
[Date "1993.??.??"]
[Round "6"]
[White "Schoen, Wolfram"]
[Black "Scheffner, Axel"]
[Result "0-1"]
[WhiteElo "2360"]
[BlackElo "2290"]

1.d4 d5 2.c4 c6 3.Nf3 Nf6 4.Nc3 dxc4 5.a4 Bf5 6.e3 e6 7.Bxc4 Bb4 8.O-O Nbd7
9.Qe2 Bg4 10.h3 Bh5 11.Rd1 O-O 12.e4 Qc7 13.e5 Nd5 14.Bd2 Be7 15.Bd3 Bg6
16.a5 a6 17.Ne4 Rac8 18.Neg5 Rfe8 19.h4 Nf8 20.Bxg6 hxg6 21.Rac1 Qd7 22.Ne4 Nh7
23.g3 Red8 24.Kg2 Nc7 25.Be3 Nd5 26.Rh1 Nxe3+ 27.fxe3 Qd5 28.Nc5 Bxc5 29.Rxc5 Qe4
30.Kf2 g5 31.Qc2 Qxc2+ 32.Rxc2 gxh4 33.gxh4 Rc7 34.Ke2 f6 35.Rg1 Rf7 36.exf6 Rxf6
37.Ne5 Rdf8 38.Kd3 Rf2 39.Rg2 Rxg2 40.Rxg2 Nf6 41.Rg3 Rd8 42.b4 Rd5 43.Kc4 Ne4
44.Rg6 Nf6 45.h5 Nxh5 46.Rxe6 Nf6 47.Re7 Rb5 48.Nd3 g5 49.Nc5 g4 50.e4 g3
51.Ne6 Nh5  0-1

[Event "Dortmund op-A"]
[Site "Dortmund"]
[Date "1993.??.??"]
[Round "11"]
[White "Podgaets, Mikhail"]
[Black "Schwartzman, Gabriel"]
[Result "1/2-1/2"]
[WhiteElo "2450"]
[BlackElo "2455"]

1.d4 d5 2.c4 c6 3.Nf3 Nf6 4.Nc3 dxc4 5.a4 Bf5 6.e3 e6 7.Bxc4 Bb4 8.O-O Nbd7
9.Nh4 Bg6 10.h3 O-O 11.Nxg6 hxg6 12.Qc2 Rc8 13.Rd1 Qe7 14.a5 Rfd8 15.e4 e5
16.d5 cxd5 17.Nxd5 Nxd5 18.Rxd5 Nf6 19.Rxd8+ Rxd8 20.Be3 a6 21.Qb3 Bd2 22.Bb6 Rd7
23.Qc2 Bb4 24.Bb3 Rd2 25.Qc8+ Kh7 26.Rc1 Ne8 27.Bd5 Nd6 28.Qg4 Rxb2 29.Qf3 Qf6
30.Qxf6 gxf6 31.Rc7 Kg7 32.Rd7 Kf8 33.Bxb7 Bxa5 34.Bc5 Bb4 35.Bxb4 Rxb4 36.Rxd6 Rxb7
37.Rxa6 Kg7 38.h4 Rb4 39.f3 Rb2 40.g4 Rc2 41.Rb6 Ra2 42.Rc6 Rb2  1/2-1/2

[Event "Dublin zt"]
[Site "Dublin"]
[Date "1993.??.??"]
[Round "3"]
[White "Sadler, Matthew"]
[Black "Summerscale, Aaron"]
[Result "1/2-1/2"]
[WhiteElo "2540"]
[BlackElo "2345"]

1.d4 d5 2.c4 c6 3.Nf3 Nf6 4.Nc3 dxc4 5.a4 Bf5 6.e3 e6 7.Bxc4 Bb4 8.O-O Nbd7
9.Nh4 Bg6 10.f3 Nd5 11.Qe1 N5b6 12.Be2 c5 13.Qg3 cxd4 14.exd4 O-O 15.Nxg6 hxg6
16.a5 Nc8 17.a6 bxa6 18.Bxa6 Nd6 19.Kh1 Qb6 20.Ra4 Bxc3 21.bxc3 Qc6 22.Ra2 Nc4
23.Bf4 Nb8 24.Rfa1 Nxa6 25.Rxa6 Qb7 26.Bd6 Nxd6 27.Qxd6 Rfc8 28.h3 Rxc3 29.Rxa7 Rxa7  1/2-1/2

[Event "Dublin zt"]
[Site "Dublin"]
[Date "1993.??.??"]
[Round "6"]
[White "Crouch, Colin S"]
[Black "Summerscale, Aaron"]
[Result "0-1"]
[WhiteElo "2415"]
[BlackElo "2345"]

1.d4 d5 2.c4 c6 3.Nc3 Nf6 4.Nf3 dxc4 5.a4 Bf5 6.Ne5 Nbd7 7.Nxc4 Qc7 8.g3 e5
9.dxe5 Nxe5 10.Bf4 Nfd7 11.Bg2 f6 12.Nxe5 Nxe5 13.O-O Rd8 14.Qb3 Qf7 15.Qxf7+ Kxf7
16.Bxe5 fxe5 17.f4 Rd2 18.fxe5 Ke6 19.Rf4 Rxb2 20.Raf1 Bc5+ 21.Kh1 Bg6 22.Bh3+ Kxe5
23.Bf5 Rb4 24.Bxg6 hxg6 25.Rf7 Rg8 26.R1f4 Ke6 27.Rc7 Kd6 28.Rff7 Rc4 29.Rfd7+ Ke6
30.Rd3 Bd4 31.Nd1 Rb8 32.e3 Be5 33.Rcd7 Rxa4 34.Nf2 Rc4 35.Nh3 Kf6 36.Kg2 a5
37.Kf3 a4 38.Nf2 Ke6 39.Nh3 Kf5 40.Nf4 Kg5 41.Re7 Bf6 42.Rd6 Kh6 43.Rf7 a3
44.g4 a2 45.h4 a1=Q 46.g5+ Kh7 47.gxf6 Qf1+ 48.Kg3 Rxf4 49.Rxg7+ Kh6 50.exf4 Re8  0-1

[Event "Dublin zt"]
[Site "Dublin"]
[Date "1993.??.??"]
[Round "8"]
[White "Levitt, Jonathan"]
[Black "Summerscale, Aaron"]
[Result "1-0"]
[WhiteElo "2460"]
[BlackElo "2345"]

1.d4 d5 2.Nf3 Nf6 3.c4 c6 4.Nc3 dxc4 5.a4 Bf5 6.Ne5 Nbd7 7.Nxc4 Qc7 8.g3 e5
9.dxe5 Nxe5 10.Bf4 Nfd7 11.Bg2 f6 12.O-O Rd8 13.Nxe5 Nxe5 14.Qb3 Qf7 15.Qxf7+ Kxf7
16.Bxe5 fxe5 17.Be4 Bxe4 18.Nxe4 Rd4 19.f3 Be7 20.b3 Rhd8 21.Rfc1 Ke6 22.Kf1 R8d7
23.h4 Rd8 24.Kg2 R8d7 25.Ra2 Rd8 26.Rac2 R8d7 27.Ra2 Rd8 28.Rac2 R8d7 29.Kf2 Rd8
30.Rc4 h6 31.Ke3 Rd1 32.Nf2 Rxc1 33.Rxc1 Rd4 34.Nd3 Kd5 35.h5 Bd6 36.Rc2 b6
37.Kf2 a6 38.e4+ Ke6 39.Ke3 c5 40.f4 exf4+ 41.gxf4 Be7 42.a5 bxa5 43.Nxc5+ Bxc5
44.Rxc5 Rb4 45.f5+ Kf7 46.Rc3 a4 47.Rc7+ Kg8 48.bxa4 Rxa4 49.Ra7 a5 50.Kf4 Ra1
51.Ke5 a4 52.Ke6 a3 53.Ra4 Kh8 54.Kd6 Rd1+ 55.Ke5 Ra1 56.Ke6 Rb1 57.e5 a2
58.Rxa2 Rb6+ 59.Kd7 Rb7+ 60.Kd6 Rb8 61.e6 Kg8 62.Kc7 Re8 63.Rd2 Kf8 64.Rd8 Ke7
65.Rxe8+ Kxe8 66.Kd6 Kd8 67.e7+  1-0

[Event "Dublin zt"]
[Site "Dublin"]
[Date "1993.??.??"]
[Round "9"]
[White "James, D."]
[Black "Dunn, Andrew"]
[Result "1-0"]
[WhiteElo "2285"]
[BlackElo "2245"]

1.d4 d5 2.c4 c6 3.Nf3 Nf6 4.Nc3 dxc4 5.a4 Bf5 6.e3 e6 7.Bxc4 Bb4 8.O-O O-O
9.Qe2 Bg4 10.Rd1 c5 11.d5 exd5 12.Nxd5 Nxd5 13.Bxd5 Qe7 14.h3 Be6 15.e4 Nc6
16.Be3 Na5 17.Qc2 Rfd8 18.Ng5 h6 19.Nxe6 fxe6 20.Ba2 Nc6 21.f4 Kh8 22.e5 Nd4
23.Qc4 a6 24.Rac1 b5 25.Qf1 Nf5 26.Qf2 Nxe3 27.Qxe3 c4 28.Qe4 Bc5+ 29.Kh1 Rxd1+
30.Rxd1 Rd8 31.Rf1 Rd4 32.Qg6 Kg8 33.Bb1 Qd7 34.Qh7+ Kf8 35.Qh8+ Ke7 36.f5 Qe8
37.Qxg7+ Kd8 38.fxe6 Qxe6 39.Bf5 Qe7 40.Qh8+ Qf8 41.Qh7 Qe7 42.Qg8+ Qe8 43.Qg7 Qe7
44.Qxh6 Qxe5 45.Qxa6 Bd6 46.Qc8+ Ke7 47.Qd7+ Kf6 48.Be4+ Kg5 49.Qg4+  1-0

[Event "Narancs Cup"]
[Site "Eger"]
[Date "1993.??.??"]
[Round "4"]
[White "Dumitrache, Dragos"]
[Black "Feller, Joseph"]
[Result "1-0"]
[WhiteElo "2425"]
[BlackElo "2230"]

1.d4 d5 2.c4 c6 3.Nf3 Nf6 4.Nc3 dxc4 5.a4 Bf5 6.e3 e6 7.Bxc4 Bb4 8.O-O O-O
9.Nh4 Bg6 10.Nxg6 hxg6 11.Qe2 Nbd7 12.Rd1 Qe7 13.Bd2 e5 14.dxe5 Nxe5 15.Bb3 Rad8
16.Be1 Rxd1 17.Rxd1 Rd8 18.h3 Rxd1 19.Bxd1 Qd7 20.Bc2 Qd8 21.f4 Ned7 22.Qc4 Bc5
23.Bf2 Qe7 24.Bxg6 Kf8 25.Be4 b5 26.axb5 cxb5 27.Qxb5 Nxe4 28.Nxe4 Qxe4 29.Qxd7 Bb6
30.Qc8+ Ke7 31.Qc3 f6 32.Qd2 Ke6 33.Kh2 g5 34.fxg5 fxg5 35.Qe2 Bc7+ 36.Bg3 Bb6
37.Bf2 Bc7+ 38.g3 Bb6 39.Bg1 Bc7 40.Bf2 Bb6 41.Be1 Qxe3 42.Qxe3+ Bxe3 43.Kg2 Kf5
44.Kf3 Bc1 45.Bc3 a6 46.g4+ Ke6 47.Ke4 Kd6 48.Kf5 Kd5 49.b3 Kc5 50.Bf6  1-0

[Event "Elgoibar"]
[Site "Elgoibar"]
[Date "1993.??.??"]
[Round "2"]
[White "Izeta Txabarri, Felix"]
[Black "Iruzubieta, Jesus Maria"]
[Result "1-0"]
[WhiteElo "2510"]
[BlackElo "2360"]

1.d4 Nf6 2.Nf3 d5 3.c4 c6 4.Nc3 dxc4 5.a4 Bf5 6.e3 e6 7.Bxc4 Bb4 8.O-O Nbd7
9.Qe2 Bg6 10.e4 O-O 11.Bd3 Bh5 12.Bf4 Re8 13.e5 Nd5 14.Nxd5 exd5 15.Bf5 Nf8
16.g4 Bg6 17.Bg3 Ne6 18.Rad1 Qa5 19.h4 c5 20.h5 Bxf5 21.gxf5 Nxd4 22.Nxd4 cxd4
23.Rxd4 Rad8 24.Qg4 Bf8 25.Rc1 Kh8 26.h6 Qb6 27.e6 Re7 28.Bh4 f6 29.Rcd1 Qxb2
30.Rxd5 Rxd5 31.Rxd5 Qc1+ 32.Kg2 Qxh6 33.Rd8 g5 34.Bg3  1-0

[Event "FIN-SWE"]
[Site "FIN"]
[Date "1993.??.??"]
[Round "2"]
[White "Manninen, Marko"]
[Black "Hector, Jonny"]
[Result "1/2-1/2"]
[WhiteElo "2380"]
[BlackElo "2470"]

1.d4 d5 2.Nf3 Nf6 3.c4 c6 4.Nc3 dxc4 5.a4 Bf5 6.Ne5 Nbd7 7.Nxc4 Qc7 8.g3 e5
9.dxe5 Nxe5 10.Bf4 Rd8 11.Qc1 Bd6 12.Nxd6+ Qxd6 13.Bg2 a5 14.O-O O-O 15.Qe3 Nfg4
16.Qb6 Qb4 17.Qxb4 axb4 18.Na2 Ng6 19.Bc7 Rd2 20.e4 Be6 21.Nxb4 Rc8 22.Bb6 Rxb2
23.Rab1 Rxb1 24.Rxb1 N6e5 25.h3 Nd7 26.Nd3 Ngf6 27.Be3 Bc4 28.Nb2 Be2 29.f4 Re8
30.Re1 Ba6 31.Rd1 Nf8 32.e5 Nd5 33.Bxd5 cxd5 34.Rxd5 f6 35.Bc5 fxe5 36.fxe5 Ne6
37.Be3 Rd8 38.Rxd8+ Nxd8 39.Nd1 Kf7 40.Bf4 Ke6 41.Nc3 Nf7 42.Ne4 Kd5 43.Ng5  1/2-1/2

[Event "Gausdal Int"]
[Site "Gausdal"]
[Date "1993.??.??"]
[Round "7"]
[White "Djurhuus, Rune"]
[Black "Gretarsson, Helgi Ass"]
[Result "1-0"]
[WhiteElo "2460"]
[BlackElo "2365"]

1.d4 Nf6 2.c4 c6 3.Nc3 d5 4.Nf3 dxc4 5.a4 Bf5 6.e3 e6 7.Bxc4 Bb4 8.O-O Nbd7
9.Qb3 a5 10.Nh4 Bg6 11.Na2 Be7 12.g3 Qc7 13.f3 Nb6 14.Be2 Nfd7 15.Nxg6 hxg6
16.e4 e5 17.Be3 exd4 18.Bxd4 Bc5 19.Bxc5 Nxc5 20.Qc3 Nbxa4 21.Qxg7 O-O-O
22.Rf2 Qb6 23.Bc4 Nb3 24.Bxb3 Rxh2 25.Rf1 Rxf2 26.Rxf2 Qxb3 27.Nc1 Qe3 28.Ne2 Nc5
29.Nf4 Kb8 30.Kg2 Ka7 31.Qxf7 Rd1 32.Qe7 Rc1 33.Re2 Qg1+ 34.Kh3 Qf1+ 35.Kg4 a4
36.Rh2 Qb5 37.Qd8 Rf1 38.Qd4 g5 39.Ne6 Rc1 40.Rh8 Rc4 41.Ra8+ Kxa8 42.Nc7+ Kb8
43.Qd8+ Ka7 44.Nxb5+ cxb5 45.Qa5+ Kb8 46.Qxb5 Nd3 47.Qd5 Nxb2 48.Qe5+ Ka7
49.Qxb2 Ka6 50.Kxg5 b5 51.e5 Rc6 52.Qb4  1-0

[Event "GER CupT"]
[Site "Germany"]
[Date "1993.??.??"]
[Round "?"]
[White "Vaganian, Rafael A"]
[Black "Scheffner, Axel"]
[Result "1-0"]
[WhiteElo "2615"]
[BlackElo "2290"]

1.Nf3 c6 2.c4 Nf6 3.Nc3 d5 4.d4 dxc4 5.a4 Bf5 6.e3 e6 7.Bxc4 Bb4 8.O-O O-O
9.Qe2 Bg4 10.Rd1 Nbd7 11.e4 Qe7 12.Na2 a5 13.Nxb4 axb4 14.Bg5 h6 15.Bh4 e5
16.d5 g5 17.d6 Qd8 18.Bg3 Re8 19.h3 Be6 20.Nd2 Qb8 21.Nb3 Qa7 22.Kh2 Rad8
23.f3 Nh5 24.Be1 Nf4 25.Qc2 Qe3 26.Bf2 Nxg2 27.Bxe6 Qxf3 28.Bg4 Ne3 29.Bxf3 Nxc2
30.Rac1 Nd4 31.Nxd4 exd4 32.Rxd4 c5 33.Rd5 b6 34.Bg3 f5 35.Rxf5  1-0

[Event "Oberliga Ost B9293"]
[Site "Germany"]
[Date "1993.??.??"]
[Round "?"]
[White "Klingelhoefer, Stefan"]
[Black "Kuech, Holger"]
[Result "1-0"]
[WhiteElo "2335"]
[BlackElo "2260"]

1.d4 d5 2.c4 c6 3.Nc3 Nf6 4.Nf3 dxc4 5.a4 Bf5 6.e3 e6 7.Bxc4 Bb4 8.O-O Nbd7
9.Qb3 Qb6 10.Nh4 Bg6 11.g3 O-O 12.Nxg6 hxg6 13.Na2 Be7 14.Qc2 e5 15.b4 a5
16.Bb2 e4 17.bxa5 Qxa5 18.Nc3 Qf5 19.f3 Nb6 20.fxe4 Qg5 21.Bb3 Qxe3+ 22.Kh1 Qg5
23.Rf4 c5 24.e5 Nfd7 25.Ne4 Qh5 26.Nxc5 Nxc5 27.dxc5 g5 28.Rf2 Rac8 29.Raf1 Rxc5
30.Qe4 Rc6 31.Rxf7 Rxf7 32.Bxf7+ Qxf7 33.Rxf7 Kxf7 34.a5 Nc4 35.e6+ Kg8 36.a6 Nxb2
37.Qxc6 bxc6 38.a7  1-0

[Event "BL2-W9293"]
[Site "Germany"]
[Date "1993.??.??"]
[Round "?"]
[White "Alber, Horst"]
[Black "Cuijpers, Frans Andre"]
[Result "0-1"]
[WhiteElo "2315"]
[BlackElo "2425"]

1.d4 d5 2.c4 c6 3.Nc3 dxc4 4.a4 Nf6 5.Nf3 Bf5 6.e3 e6 7.Bxc4 Bb4 8.O-O Nbd7
9.Qe2 O-O 10.Ne5 Nxe5 11.dxe5 Nd7 12.e4 Bg6 13.f4 Qh4 14.g4 Rae8 15.Bd2 f6
16.Qg2 fxe5 17.f5 Bf7 18.g5 exf5 19.Bxf7+ Rxf7 20.Rxf5 Rxf5 21.exf5 e4 22.Be3 Bc5
23.Bxc5 Nxc5 24.Rf1 Nd3 25.Kh1 e3 26.f6 Nf2+ 27.Kg1 Re5  0-1

[Event "Groningen op"]
[Site "Groningen"]
[Date "1993.??.??"]
[Round "5"]
[White "Matveeva, Svetlana"]
[Black "Schwartzman, Gabriel"]
[Result "1/2-1/2"]
[WhiteElo "2395"]
[BlackElo "2480"]

1.d4 d5 2.c4 c6 3.Nf3 Nf6 4.Nc3 dxc4 5.a4 Bf5 6.e3 e6 7.a5 Bb4 8.Qa4 Qe7
9.Bxc4 O-O 10.O-O Nbd7 11.Nh4 Bg4 12.f3 Bh5 13.g4 Bg6 14.e4 e5 15.Be3 exd4
16.Bxd4 Nxg4 17.Nxg6 Qd6 18.fxg4 Qxd4+ 19.Kg2 Bxc3 20.Nxf8 Qxe4+ 21.Rf3 Qxg4+
22.Rg3 Qe4+ 23.Rf3 Qg4+ 24.Rg3 Qe4+  1/2-1/2

[Event "Groningen op"]
[Site "Groningen"]
[Date "1993.??.??"]
[Round "6"]
[White "Sergeev, Vladimir"]
[Black "Savchenko, Stanislav"]
[Result "1/2-1/2"]
[WhiteElo "2440"]
[BlackElo "2530"]

1.d4 d5 2.c4 c6 3.Nc3 Nf6 4.Nf3 dxc4 5.a4 Bf5 6.Ne5 e6 7.f3 Bb4 8.Nxc4 O-O
9.Bg5 h6 10.Bh4 c5 11.dxc5 Qxd1+ 12.Kxd1 Nc6 13.e4 Bg6 14.Bf2 Nd7 15.Kc2 f5
16.exf5 exf5 17.Nd6 Bxc5 18.Bc4+ Kh7 19.Bxc5 Nxc5 20.Rad1 f4+ 21.Nde4 Rfe8
22.Rhe1 Re5 23.Rd6 Rc8 24.Kd1 Nxe4 25.fxe4 Na5 26.Bd5 Nc4 27.Bxc4 Rxc4 28.Rd7 Rg5
29.Rd2 Be8 30.Rf1 Bxa4+ 31.Nxa4 Rxa4 32.Rxf4 Re5 33.Rf7 Rexe4 34.Rxb7 a5
35.Rdd7 Rg4 36.g3 Rg5 37.Rd2 Re5 38.Rdd7 Ra1+ 39.Kd2 Rg5 40.Ke3 Rh1 41.Rd2 Rf1
42.Rbd7 Rb1 43.Rb7 Re1+ 44.Kf2 Re4  1/2-1/2

[Event "Wichern op"]
[Site "Hamburg"]
[Date "1993.??.??"]
[Round "4"]
[White "Buhr, Carl Christian"]
[Black "Kristensen, Bjarke"]
[Result "0-1"]
[WhiteElo "2195"]
[BlackElo "2470"]

1.d4 d5 2.Nf3 Nf6 3.c4 c6 4.Nc3 dxc4 5.a4 Bf5 6.Nh4 Bd7 7.e4 e6 8.Bg5 b5
9.g3 a5 10.Bg2 Ra6 11.e5 h6 12.Bxf6 gxf6 13.Ne4 Bb4+ 14.Kf1 f5 15.Nf6+ Kf8
16.axb5 cxb5 17.d5 Be7 18.dxe6 Bxe6 19.Qxd8+ Bxd8 20.Ke2 Bxf6 21.exf6 Nd7
22.Bh3 Nxf6 23.Nxf5 Bxf5 24.Bxf5 Kg7 25.Rhd1 Re8+ 26.Kf3 Re5 27.g4 Nd5 28.Be4 Rf6+
29.Bf5 Ne7 30.Rxa5 Nxf5 31.gxf5 Rexf5+ 32.Ke4 Rf4+ 33.Ke3 Rf3+ 34.Kd4 Rb3
35.Rg1+ Rg6  0-1

[Event "Helsinki"]
[Site "Helsinki"]
[Date "1993.??.??"]
[Round "5"]
[White "Manninen, Marko"]
[Black "Wessman, Richard"]
[Result "1/2-1/2"]
[WhiteElo "2380"]
[BlackElo "2435"]

1.d4 d5 2.c4 c6 3.Nf3 Nf6 4.Nc3 dxc4 5.a4 Bf5 6.e3 e6 7.Bxc4 Bb4 8.O-O O-O
9.Qe2 Bg6 10.Ne5 Nbd7 11.Nxg6 hxg6 12.Rd1 Qa5 13.Bd2 Rad8 14.Bb3 Nb6 15.Qe1 Rd7
16.Ne4 Bxd2 17.Qxd2 Qxd2 18.Nxd2 Nbd5 19.Rac1 Rfd8 20.Kf1 Kf8 21.Ke2 Ke7
22.Nf3 Rc7 23.Ne5 Rdc8 24.Nd3 Nd7 25.Rc2 N5f6 26.Rdc1 g5 27.h3 Kd6 28.Rd1 Ke7
29.Rdc1 Kd6 30.f3 Nd5 31.g3 N5f6 32.e4 Ke7 33.Ke3 Rh8 34.Rh2 Rcc8 35.Rhh1 Rcd8
36.a5 a6 37.e5 Ne8 38.f4 gxf4+ 39.Kxf4 Nc7 40.Ke3 Rh7 41.h4 Rdh8 42.Nf2 f6
43.exf6+ gxf6 44.Bd1 Nd5+ 45.Kd2 f5 46.Bf3 Rg7 47.Rcg1 Rhg8 48.g4 fxg4 49.Rxg4 Rxg4
50.Nxg4 N5f6 51.Ne3 Rd8 52.Kc3 Rg8  1/2-1/2

[Event "HUN-chT2"]
[Site "HUN"]
[Date "1993.??.??"]
[Round "?"]
[White "Kovacs, Gabor M"]
[Black "Molnar, Bela"]
[Result "0-1"]
[WhiteElo "2320"]
[BlackElo "2265"]

1.d4 Nf6 2.Nf3 d5 3.c4 c6 4.Nc3 dxc4 5.a4 Bf5 6.e3 e6 7.Bxc4 Bb4 8.O-O Nbd7
9.Qe2 O-O 10.e4 Bg6 11.Bd3 Bh5 12.h3 e5 13.Be3 Re8 14.Rad1 Qe7 15.Bb1 a5
16.d5 Nf8 17.Bg5 h6 18.Bxf6 Qxf6 19.g4 Bg6 20.Qe3 Rad8 21.Ba2 Qe7 22.Nd2 Nd7
23.Nc4 Nc5 24.d6 Qh4 25.Bb1 h5 26.Qf3 Re6 27.Rfe1 hxg4 28.hxg4 Qg5 29.Qg2 Rf6
30.Re3 Rf4 31.f3 Ne6 32.Kf1 Nd4 33.Ne2 Nxe2 34.Kxe2 b5 35.axb5 cxb5 36.Na3 Bc5
37.Rc3 Bd4 38.Nxb5 Rf6 39.Rc2 Qe3+  0-1

[Event "HUN-chT2"]
[Site "HUN"]
[Date "1993.??.??"]
[Round "?"]
[White "Prantner, Janos"]
[Black "Bartha, Sandor"]
[Result "0-1"]
[WhiteElo "2315"]
[BlackElo "2280"]

1.d4 d5 2.c4 c6 3.Nc3 Nf6 4.Nf3 dxc4 5.a4 Bf5 6.e3 e6 7.Bxc4 Bb4 8.Qb3 a5
9.O-O Nbd7 10.Rd1 O-O 11.h3 Qe7 12.Nh4 Bg6 13.Nxg6 hxg6 14.Bd3 c5 15.Ne2 cxd4
16.exd4 Nd5 17.Be4 N7b6 18.Nf4 Rfd8 19.Nxd5 Nxd5 20.Bd2 Rd7 21.Bxd5 Rxd5
22.Bc3 Rad8 23.Re1 Bd6 24.Bxa5 Rxa5  0-1

[Event "HUN-chT2"]
[Site "HUN"]
[Date "1993.??.??"]
[Round "?"]
[White "Sarosi, Zoltan"]
[Black "Marosi, Csaba"]
[Result "1/2-1/2"]
[WhiteElo "2325"]
[BlackElo "2310"]

1.d4 d5 2.c4 c6 3.Nf3 Nf6 4.Nc3 dxc4 5.a4 Bf5 6.e3 e6 7.Bxc4 Bb4 8.O-O O-O
9.Qe2 c5 10.Na2 Nc6 11.Nxb4 Nxb4 12.Bd2 Nbd5 13.dxc5 Ne4 14.Rfd1 Bg4 15.h3 Bh5
16.g4 Bg6 17.Bd3 Qf6 18.Be1  1/2-1/2

[Event "HUN-chT2"]
[Site "HUN"]
[Date "1993.??.??"]
[Round "?"]
[White "Schrancz, Istvan"]
[Black "Marosi, Csaba"]
[Result "1-0"]
[WhiteElo "2255"]
[BlackElo "2310"]

1.d4 d5 2.Nf3 Nf6 3.c4 c6 4.Nc3 dxc4 5.a4 Bf5 6.Nh4 Bc8 7.Nf3 Bf5 8.Nh4 Bc8
9.e3 Bg4 10.f3 Bh5 11.g4 Bg6 12.Bxc4 e6 13.Nxg6 hxg6 14.e4 Qc7 15.Qe2 Bb4
16.Bd2 Nbd7 17.e5 Nd5 18.Bxd5 exd5 19.O-O Bxc3 20.Bxc3 Nf8 21.f4 O-O-O 22.b4 Rh3
23.Rf3 Rh4 24.h3 Ne6 25.b5 Rdh8 26.bxc6 Qxc6 27.Qe3 Kb8 28.Be1 R4h7 29.f5 Nd8
30.e6 Qe8 31.fxg6 fxg6 32.e7 Nc6 33.Bg3+ Ka8 34.Bd6 Nxe7 35.Bxe7 Qb8 36.Raf1  1-0

[Event "HUN-chT2"]
[Site "HUN"]
[Date "1993.??.??"]
[Round "?"]
[White "Szabo, Peter"]
[Black "Frank, Jozsef"]
[Result "0-1"]
[WhiteElo "2275"]
[BlackElo "2335"]

1.d4 d5 2.Nf3 c6 3.c4 Nf6 4.Nc3 dxc4 5.a4 Bf5 6.e3 e6 7.Bxc4 Be7 8.O-O O-O
9.Qe2 Nbd7 10.Rd1 Qc7 11.b3 Nb6 12.Bb2 Nxc4 13.bxc4 Bg4 14.Rac1 Qa5 15.Qc2 Qh5
16.Qe2 Bd6 17.h3 Bxh3 18.gxh3 Qxh3 19.Ne5 Bxe5 20.dxe5 Ng4 21.f3 Qg3+ 22.Qg2 Qxg2+
23.Kxg2 Nxe3+ 24.Kf2 Nxd1+ 25.Rxd1 Rfd8 26.Rd6 Rxd6 27.exd6 b6 28.c5 f6 29.a5 Kf7
30.Na4 bxc5 31.Nxc5 a6 32.Ba3 e5 33.Ne4 Ke6 34.Bc5 f5 35.Nc3 Rb8 36.Na4 Rb5
37.Ba3 Rxa5 38.Nc5+ Rxc5 39.Bxc5 g5 40.Ba3 h5 41.Kg3 a5 42.Bc5 a4 43.Bb4 e4
44.fxe4 fxe4 45.Bc5 Kd7 46.Kh3 e3 47.Bxe3 a3 48.Bxg5 a2 49.Bf6 Kxd6 50.Kh4 Kd5
51.Kxh5 Ke4 52.Kg4 c5 53.Kg3 c4 54.Kg2 Kd3  0-1

[Event "HUN-chT2"]
[Site "HUN"]
[Date "1993.??.??"]
[Round "?"]
[White "Hevesi, Zoltan"]
[Black "Andi, Peter"]
[Result "1/2-1/2"]
[WhiteElo "2225"]
[BlackElo "2250"]

1.d4 d5 2.Nf3 Nf6 3.c4 dxc4 4.a4 c6 5.Nc3 Bf5 6.e3 e6 7.Bxc4 Bb4 8.O-O O-O
9.Qb3 Qe7 10.Bd2 c5 11.Ne2 Bxd2 12.Nxd2 Nc6 13.Ra3 Rfd8 14.Nf3  1/2-1/2

[Event "ISL-ch"]
[Site "?"]
[Date "1993.??.??"]
[Round "6"]
[White "Gretarsson, Helgi Ass"]
[Black "Bjornsson, Tomas"]
[Result "1-0"]
[WhiteElo "2365"]
[BlackElo "2290"]

1.d4 d5 2.c4 c6 3.Nc3 Nf6 4.Nf3 dxc4 5.a4 Bf5 6.Ne5 e6 7.f3 Bb4 8.e4 Bxe4
9.fxe4 Nxe4 10.Bd2 Qxd4 11.Nxe4 Qxe4+ 12.Qe2 Bxd2+ 13.Kxd2 Qd5+ 14.Kc2 Na6
15.Nxc4 O-O 16.Qe5 Rac8 17.Be2 f6 18.Qe3 b5 19.Rad1 Qf5+ 20.Bd3 Qg4 21.Nd6 Rcd8
22.Bf5 Qxa4+ 23.Kb1 Rxd6 24.Rxd6 exf5 25.Qe6+ Kh8 26.Rxc6 Nb8 27.Rc8 Nd7
28.Qxd7 Qe4+ 29.Rc2 b4 30.b3 Qe3 31.Qd5 f4 32.Rhc1 g5 33.Rc8 Rxc8 34.Rxc8+ Kg7
35.Qg8+ Kh6 36.Qf8+ Kh5 37.Qe8+ Qxe8 38.Rxe8 Kg4 39.Kc2 h5 40.Kd2 h4 41.Ke2 h3
42.gxh3+ Kxh3 43.Kf2  1-0

[Event "ISL-ch"]
[Site "?"]
[Date "1993.??.??"]
[Round "7"]
[White "Gislason, Gudmundur"]
[Black "Gretarsson, Helgi Ass"]
[Result "0-1"]
[WhiteElo "2270"]
[BlackElo "2365"]

1.d4 d5 2.c4 c6 3.Nc3 Nf6 4.Nf3 dxc4 5.a4 Bf5 6.Nh4 Bc8 7.e3 e5 8.Bxc4 exd4
9.exd4 Be7 10.Nf3 O-O 11.O-O Nbd7 12.a5 b5 13.axb6 Nxb6 14.Ba2 Nfd5 15.Ne5 Qc7
16.Ne4 Bf5 17.Ng3 Be6 18.Bb1 c5 19.Nh5 g6 20.Nf4 Nxf4 21.Bxf4 Nd5 22.Bh6 Rfe8
23.Ra6 cxd4 24.Nc6 Bf6 25.Nxd4 Qb7 26.Ra2 Bd7 27.Ra5 Nb4 28.Nb3 Bb5 29.Nc5 Qb6
30.Rxb5 Qxb5 31.Ne4 Qc6 32.Qf3 Bh8 33.Rc1 Qe6 34.g3 Rac8 35.Rf1 Nc6 36.Ng5 Nd4
37.Qg2 Qc6 38.Be4 Qc7 39.Bd5 Re7 40.h4 Rce8 41.h5 Nf5 42.hxg6 hxg6 43.Qh3 Bd4
44.Nf3 Nxh6 45.Nxd4 Qc5 46.Nc6 Re1 47.Qd7 Kg7 48.Bg2 R8e2  0-1